000 00271nam a22001097a 4500
008 230623b |||||||| |||| 00| 0 eng d
100 _aMayadhar, Mansinha
_98923
245 _aHistory of oriya literature
260 _bSahity Akedmi,
_c1962.
300 _a282p
942 _cBK
999 _c38933
_d38933